000 00326nam a2200133Ia 4500
008 190216s9999||||xx |||||||||||||| ||und||
100 _a"Kewal Krishna Dewett, Verma Jd And Sharma Ml"
245 0 _aIndian Economics
250 _a40 th
260 _bS Chand & Co
_c2000
300 _a690
650 _aEconomics
942 _cBK
999 _c10399
_d10399